000
00278 a2200109 4500
082
_a
658.4033 TUL
090
_c
630
_d
630
100
_a
P.C. TULSIAN
245
_a
Quantitative Techniques Theory and Problems
260
_a
Pearson Education India
942
_a
NBS
_c
BK
_k
658.4033 TUL
999
_c
343183
_d
343183